000 00500nam a22001817a 4500
003 KOHA_MİRAKIL
005 20251221143111.0
008 251221b tu ||||| |||| 00| 0 tur d
020 _a9786056304002
040 _aTR-AnABB
_btur
_cTR-AnABB
041 _atur
082 _a370.72
_bAYD 2011
245 1 0 _aAydınlanmaya adanmış yıllar /
260 _aAnkara :
_bBilkent Üniversitesi Yayınları,
_c2011
300 _a704 sayfa ;
_c24 cm
650 0 4 _aKöy enstitüleri
942 _2ddc
_cBK
999 _c9847
_d9847
900 _bGizem YORULMAZ